Obálka Náhled e-knihy:
PDF Epub
Pro půjčování e-knih musíte být přihlášeni.
Jak si půjčit online?

Dusty. V nebezpečí /

Druhá kniha ze série napínavých příběhů o psovi Dustym. Pro starší děti.

Uloženo v:
Série:Dusty, část 2
Hlavní autor: Andersen, Jan, 1956- (Autor)
Další autoři: Krupičková, Barbora (Autor)
Médium: E-kniha
Jazyk:Czech
Vydáno: Brno : CPress, 2018
Vydání:1. vydání
Témata:
Příbuzné jednotky:Z cyklu:: Dusty
Tagy:
Žádné tagy
LEADER 02568nam a2200505 i 4500
001 311213
003 CZ PrSKC
005 20260601215701.0
007 ta
008 180608s2018 xr a c 000 j cze
015 |a cnb003001334 
020 |a 9788026419525  |q (vázáno) :  |c Kč 229,00 
035 |a (OCoLC)1043864587 
040 |a BOA001  |b cze  |d OLA001  |e rda 
041 1 |a cze  |h ger 
072 7 |a 821.112.2-3  |x Německá próza, německy psaná  |2 Konspekt 
072 7 |a 821-93  |x Literatura pro děti a mládež (beletrie)  |2 Konspekt 
080 |a 821.112.2-32  |2 MRF 
080 |a 821-93  |2 MRF 
080 |a (0:82-32)  |2 MRF 
100 1 |a Andersen, Jan,  |d 1956-  |7 xx0219469  |4 aut 
240 1 0 |a Dusty in Gefahr.  |l Česky 
245 1 0 |a Dusty.  |p V nebezpečí /  |c Jan Andersen ; překlad: Barbora Krupičková 
246 3 |a Dusty v nebezpečí 
246 3 0 |a V nebezpečí 
250 |a 1. vydání 
264 1 |a Brno :  |b CPress,  |c 2018 
300 |a 206 stran :  |b ilustrace ;  |c 22 cm 
336 |a text  |b txt  |2 rdacontent 
337 |a bez média  |b n  |2 rdamedia 
338 |a svazek  |b nc  |2 rdacarrier 
500 |a Přeloženo z němčiny 
520 2 |a Druhá kniha ze série napínavých příběhů o psovi Dustym. Pro starší děti.  |b Když se do Pavlova domu vloupali zloději, Dusty se zachoval jako skutečný hrdina: okamžitě je zahnal a pustil se do pronásledování. Přes veškerou jeho snahu se však lupičům podařilo uniknout. Protože se případy podobných vloupání v okolí začaly množit a policie byla bezradná, rozhodli se Pavel s Alex na vlastní pěst vlákat bandu do léčky. Ale to je opravdu nebezpečné a k tomu všemu ještě zničehonic Dusty zmizel! Unesla ho snad ona zločinecká banda? Nakladatelská anotace. 
521 8 |a Pro čtenáře od 9 let 
655 7 |a německé příběhy  |7 fd132944  |2 czenas 
655 7 |a publikace pro děti  |7 fd133156  |2 czenas 
655 9 |a German stories  |2 eczenas 
655 9 |a children's literature  |2 eczenas 
700 1 |a Krupičková, Barbora  |7 jo20191060348  |4 trl 
787 0 8 |i Z cyklu:  |t Dusty  |g 2 
900 |a ABA001  |b 21 
044 |a xr 
910 |a RBIT002 
998 |d 207327  |a https://core.palmknihy.cz/api/books/207327/cover?sjo8sa  |b https://core.palmknihy.cz/api/books/207327/cover/400?sjo8sa  |c https://core.palmknihy.cz/api/books/207327/cover/50?sjo8sa  |e 2027-01-16  |g 208  |i 9788026419525  |j https://core.palmknihy.cz/api/books/207327/preview.epub  |k https://core.palmknihy.cz/api/books/207327/preview.pdf  |l   |q 49  |r 1  |s https://www.palmknihy.cz/kniha/207327  |t ebook  |y 2020  |z 0  |v Dusty  |w 2 
999 |d 311211